00587 2200229 4500001002100000008004100021035002000062245006200082100001300144700002000157250001000177260002600187300002100213020002200234084001800256082001400274650002000288990001200308990001200320990001300332990001200345INLIS000000000015933 ind  a0010-0323000381 a022cLokalpcy;Editor; Adelina Ayu Lestari, Risma Megawati aLOKALPCY aRISMA, Megawati acet.1 aJakarta :bM&C,c2019 a436 hlm.c19 cm. a978-602-480-676-7 a899.221.3 KOS a899.221.3 aFIKSI INDONESIA a10782 a a10782 b a10782 c. a10782 d